00837nam a2200169 a 4500008004100000050002200041100002400063245021100087260003800298300000900336350000900345650001900354710006000373995009300433999001700526952012400543081125s1987 ||||||||||||||||| || u aGOV.ZAM(02)1987/4 aChona, Mark Chuunyu10aSummary of the report and main recommendations of the tariff commission of inquiry together with the party and its government's reactions to the recommendationscUnder the Chairmanship of Mark Chuunyu Chona aLusaka:bGovernment Printerc1987 a17p. a0.00 aTARIFF--ZAMBIA aThe Government of the Republic of Zambia.Cabinet Office D0.00FCBU-MAIN LIBRARY (Kitwe)H1I0.00M1UAVAILABLEWNov 25, 2008ZZambiana Collection c59083d59083 00102lcc4070a001b001cZambiana Collectiond2022-11-30l0oGOV.ZAM(02)1987/4p03003239r2022-11-30w2022-11-30y002